|
|
|
|
| LEADER |
00000nam a2200000Ia 4500 |
| 008 |
150727b2007 u ||||| |||| 00| | e d |
| 999 |
|
|
|c 107
|d 107
|
| 020 |
|
|
|a 9780240809472
|
| 090 |
|
|
|a 08.15.02
|b 1532
|
| 100 |
1 |
|
|a Richter, Stefan
|9 523
|
| 245 |
1 |
0 |
|a Hand-on guide to flash video: web video and flash media server /
|c Stefan Richter, Jan Ozer
|
| 260 |
|
|
|a Estados Unidos :
|c 2007
|b Focal Press,
|
| 300 |
|
|
|a 356 páginas
|
| 490 |
|
|
|a Hand On Guide
|
| 500 |
|
|
|a Documento en Inglés
|
| 650 |
1 |
4 |
|a MANUALES
|9 426
|
| 650 |
|
0 |
|a PROGRAMAS DE COMPUTADORA
|9 1302
|
| 650 |
1 |
4 |
|a TECNOLOGÍA
|9 28
|
| 700 |
|
|
|a Ozer, Jan
|9 524
|
| 942 |
|
|
|i 003646
|h 08.15.02 1532
|2 z
|c 01
|